Strona Norwida

Titel: Strona Norwida : studia i szkice ofiarowane profesorowi Stefanowi Sawickiemu / pod red. Piotra Chlebowskiego ...
Beteiligt:
Festschrift für:
Veröffentlicht: Lublin : Towarzystwo Naukowe KUL, 2008
Umfang: 455 Seiten
Format: Buch
Sprache: Polnisch
Schriftenreihe/
mehrbändiges Werk:
Prace Wydziału Historyczno-Filologicznego / Towarzystwo Naukowe Katolickiego Uniwersytetu Lubelskiego ; 150
RVK-Notation:
Schlagworte:
ISBN: 9788373063969
Buchumschlag
X
Lokale Klassifikation: 32 10 E ; 2 N 7
alg: 21437737
001A    $03004:31-07-09 
001B    $01999:02-12-24 $t16:54:42.000 
001D    $03004:31-07-09 
001U    $0utf8 
001X    $00 
002@    $0Aau 
002C    $aText $btxt $2rdacontent 
002D    $aohne Hilfsmittel zu benutzen $bn $2rdamedia 
002E    $aBand $bnc $2rdacarrier 
003@    $0214377377 
003O    $0468728012 $aOCoLC 
004A    $A978-83-7306-396-9 
007A    $0214377377 $aHEB 
007G    $0DE020B9DDA3B4EEA7756FC125792E002E7B88 
007T    $0Herdhh214377377 
009P    $qapplication/pdf $A2 $3Inhaltsverzeichnis $uhttp://scans.hebis.de/HEBCGI/show.pl?21437737_toc.pdf $mV:DE-603;B:DE-Mb50 
010@    $apol 
011@    $a2008 
013D    $RVeröffentlichung $#Gedächtnisschrift Festschrift $#Gedenkschrift $#Festschriften $74016928-5 $8Festschrift [Ts1] $9085039632 
021A    $aStrona Norwida $dstudia i szkice ofiarowane profesorowi Stefanowi Sawickiemu $hpod red. Piotra Chlebowskiego ... 
028C    $BHerausgeber $4edt $7 $8Chlebowski, Piotr [Tnd] $9214682730 
028C    $BGefeierter $4hnr $7 $8Sawicki, Stefan [Tnd] $9138923779 
033A    $pLublin $nTowarzystwo Naukowe KUL 
034D    $a455 Seiten 
036E    $aPrace Wydziału Historyczno-Filologicznego / Towarzystwo Naukowe Katolickiego Uniwersytetu Lubelskiego $l150 
036F    $x3150 $8Prace Wydziału Historyczno-Filologicznego / Towarzystwo Naukowe Katolickiego Uniwersytetu Lubelskiego $9022093745 $l150 
044K    $#Norwid, Cyprian $#Norwid, Cyprian Kamil $#Norwid, Cyprian K. $#Norwid, Cyprjan K. $#Norwid, Cyprjan $#Norwid, C. K. $#Norvid, T︠S︡iprian $#Norvid, Ciprian $#Norwid, Cyprien Camille $#Norwid, C.K. $#Norwid, Kamil Cyprian $#Norvid, Tsiprian $#Norwid, Cyprian Kamil $#Norwid, Cyprien $7118588753 $8Norwid, Cyprian$Z1821-1883 [Tp1] $9086929763 
045F    $a809 $eDDC23BSB 
045F/01 $a809 
045F/03 $g438 
045G    $a800 $eDDC23BSB 
045G/01 $a800 
045G/03 $g438 
045Z    $8KO 8880 [Tkv] $940926377X 

lok: 21437737 24
101B    $010-08-09 $t16:25:16.000 
101C    $010-08-09 
101U    $0utf8 
145Z/01 $a32 10 E 
145Z/02 $a2 N 7 

exp: 21437737 24 1 #EPN
201B/01 $010-08-09 $t16:25:16.000 
201C/01 $031-07-09 
201U/01 $0utf8 
203@/01 $0579971708 
208@/01 $a10-08-09 $bz 
209A/01 $a09.4747 $du $f050 $h09 4747 $x00 
209C/01 $a09.4747 T $h09 4747 T 
209G/01 $a72492552 $x00 
220C/01 $agro 
247C/01 $8358050-7 Marburg, Bibliothek des Herder-Instituts Marburg $9102600961 

lok: 21437737 78

exp: 21437737 78 1 #EPN
201B/01 $004-09-19 $t22:59:50.000 
201U/01 $0utf8 
203@/01 $0793260892 
208@/01 $a12-11-16 $be 
209A/01 $a/ $f000 $x00 
237A/01 $aweiterführende Signatur(en):  09.4747 
244Z/01 $2Trx $#Poola $#Lenkija $#Polija $#Polen Land $#Poland $#Lengyelország $#Poľsko $#Polsko $8--Trx--Polska$gkraj $x01 $9391345966 
244Z/01 $aNorwid, Cyprian $x02 
244Z/01 $aSawicki, Stefan $x03 
244Z/01 $2Trx $#dzieło zbiorowe $8--Trx--Sammelwerk $x04 $9391384597 
244Z/01 $#Norwid, Cyprian $#Norwid, Cyprian Kamil $#Norwid, Cyprian K. $#Norwid, Cyprjan K. $#Norwid, Cyprjan $#Norwid, C. K. $#Norvid, T︠S︡iprian $#Norvid, Ciprian $#Norwid, Cyprien Camille $#Norwid, C.K. $#Norwid, Kamil Cyprian $#Norvid, Tsiprian $#Norwid, Cyprian Kamil $#Norwid, Cyprien $7118588753 $8--Tp1--Norwid, Cyprian$Z1821-1883 $x05 $9086929763 
244Z/01 $aSawicki Stefan $x06 
244Z/01 $aWodzińska Maria $x07 
244Z/01 $aCellini Benvenuta $x08 
244Z/01 $#Brandstaetter, R. $#Brandstätter, Roman $7118673246 $8--Tp1--Brandstaetter, Roman$Z1906-1987 $x09 $9087014114 
245Z/01 $a11.08 $x01 
245Z/01 $a01.03 $x02 
247C/01 $82080>Marburg/Lahn, Herder-Institut, Forschungsbibliothek, Bibliographieportal $9336309341
LEADER 00000cam a2200000 c 4500
001 214377377
003 DE-603
005 20241202165442.0
007 tu
008 090731s2008 xx |||| | u01||u|pol c
020 |a 9788373063969 
035 |a (DE-599)HEB214377377 
035 |a (OCoLC)468728012 
040 |a DE-603  |b ger  |c DE-603  |d DE-603 
041 |a pol 
082 0 4 |8 1\u  |a 809  |q DE-101  |2 23/BSB 
083 0 |8 2\u  |a 800  |q DE-101  |2 23/BSB 
084 |a KO 8880  |0 (DE-625)80801:  |0 (DE-603)40926377X  |2 rvk 
085 |8 1\u  |b 809 
085 |8 1\u  |z 2  |s 438 
085 |8 2\u  |b 800 
085 |8 2\u  |z 2  |s 438 
245 0 0 |a Strona Norwida  |b studia i szkice ofiarowane profesorowi Stefanowi Sawickiemu  |c pod red. Piotra Chlebowskiego ... 
264 1 |a Lublin  |b Towarzystwo Naukowe KUL  |c 2008 
300 |a 455 Seiten 
336 |a Text  |b txt  |2 rdacontent 
337 |a ohne Hilfsmittel zu benutzen  |b n  |2 rdamedia 
338 |a Band  |b nc  |2 rdacarrier 
490 1 |a Prace Wydziału Historyczno-Filologicznego / Towarzystwo Naukowe Katolickiego Uniwersytetu Lubelskiego  |v 150 
600 1 7 |a Norwid, Cyprian  |d 1821-1883  |0 (DE-588)118588753  |0 (DE-603)086929763  |2 gnd 
655 7 |a Festschrift  |2 gnd-content  |0 (DE-588)4016928-5  |0 (DE-603)085039632 
700 1 |a Chlebowski, Piotr  |e Herausgeber  |4 edt  |0 (DE-603)214682730 
700 1 |a Sawicki, Stefan  |e Gefeierter  |4 hnr  |0 (DE-603)138923779 
810 2 2 |a Katolicki Uniwersytet Lubelski  |b Towarzystwo Naukowe  |b Wydział Historyczno-Filologiczny  |t Prace Wydziału Historyczno-Filologicznego  |v 150  |w (DE-603)022093745  |w (DE-600)2203546-1  |9 3150  |7 as 
856 4 2 |m V:DE-603;B:DE-Mb50  |q application/pdf  |u http://scans.hebis.de/HEBCGI/show.pl?21437737_toc.pdf  |3 Inhaltsverzeichnis 
924 0 |9 Mb 50  |a (DE-603)579971708  |b DE-Mb50  |c HES  |d c  |g 09.4747 
924 0 |9 2080  |a (DE-603)793260892  |b DE-2080  |c HES  |d d  |g /